El lenguaje de las barricadas : mustra poética /

Obra que a través de poesía y ensayos breves se construye la poética del autor inglés Sean Bonney (1969-2019). Textos que invitan al cuestionamiento de las tendencias fascistas y a la subversión del statu quo.

Zapisane w:
Opis bibliograficzny
1. autor: Bonney, Sean (autor)
Kolejni autorzy: García Manríquez, Hugo (selección y traducción) (selección y traducción)
Format: Książka
Język:hiszpański
Wydane: México : Matadero, 2021, c2021
Hasła przedmiotowe:
Etykiety: Dodaj etykietę
Nie ma etykietki, Dołącz pierwszą etykiete!

MARC

LEADER 00000nam^a2200000^a^4500
001 000591458
005 20250521000000.0
009 20260310132928.748
020 |a 978-607-99050-3-3 
037 |a Acervo ITESO - Biblioteca 
041 |a ESP 
082 |a 821.  |b BON 
100 |a Bonney, Sean  |e (autor) 
245 1 3 |a El lenguaje de las barricadas :  |b mustra poética /  |c S. Bonney ; selec. y tr. por H. García Manríquez. 
264 4 |a México :  |b Matadero,  |c 2021, c2021 
300 |a 203 p. +  |e 1 lámina 
336 |a texto  |b txt  |2 rdacontenido 
337 |a sin mediación  |b n  |2 rdamedio 
338 |a volumen  |b nc  |2 rdasoporte 
520 |a Obra que a través de poesía y ensayos breves se construye la poética del autor inglés Sean Bonney (1969-2019). Textos que invitan al cuestionamiento de las tendencias fascistas y a la subversión del statu quo. 
521 |a FIL 2024 DIA 
649 |a XX 
650 |a Escritores Ingleses 
650 |a Poesía Inglesa 
650 |a Prosa Poética 
650 |a Prosa Literaria Inglesa 
650 |a Literatura Inglesa -  |y Siglo XXI 
650 |a Poética 
650 |a Literatura y Política 
700 |a García Manríquez, Hugo  |e (selección y traducción) 
910 |a Fondo General 
920 |a Impresos - Libros 
930 |a Colección General 
940 |a Literatura 
905 |a 101 
901 |a 591616-10  |b IT1  |c LIT  |i C187657  |u 20250521 
901 |a 591616-20  |b IT2  |c FOL  |i C187658  |u 20250521 
902 |a https://opac.biblio.iteso.mx/vufind/Record/000591458